Medical Genetics (Record no. 26816)

MARC details
000 -LEADER
fixed length control field 00319nam a22001577a 4500
003 - CONTROL NUMBER IDENTIFIER
control field SGT
020 ## - INTERNATIONAL STANDARD BOOK NUMBER
International Standard Book Number 9788174734013
082 ## - DEWEY DECIMAL CLASSIFICATION NUMBER
Classification number 617.601
Item number M23P
100 ## - MAIN ENTRY--PERSONAL NAME
Personal name Pal, G. P.
245 ## - TITLE STATEMENT
Title Medical Genetics
250 ## - EDITION STATEMENT
Edition statement 4th
260 ## - PUBLICATION, DISTRIBUTION, ETC. (IMPRINT)
Name of publisher, distributor, etc AITBS Publishers
Year of Publication 2023
300 ## - PAGE DESCRIPTION
No. of Pages 229
650 ## - SUBJECT ADDED ENTRY--TOPICAL TERM
Topical term or geographic name as entry element Genetics
942 ## - ADDED ENTRY ELEMENTS (KOHA)
Source of classification or shelving scheme Dewey Decimal Classification
Koha item type Books
Holdings
Withdrawn status Lost status Source of classification or shelving scheme Damaged status Not for loan Home library Current library Shelving location Date acquired Vendor Name Cost, normal purchase price SGTU Bill Number Full call number Accession No. (Barcode) Date last seen Bill Date Koha item type Total Checkouts
    Dewey Decimal Classification   Not For Loan SGT Dental Library SGT Dental Library Reference Book 22/08/2024 Ahuja Book Co. Pvt. Ltd. 599.00 SGTU 19153 617.601 M23P FD9456 22/08/2024   Books  
    Dewey Decimal Classification     SGT Dental Library SGT Dental Library Text Book 22/08/2024 Ahuja Book Co. Pvt. Ltd. 599.00 SGTU 19153 617.601 M23P FD9457 22/08/2024   Books  
    Dewey Decimal Classification     SGT Dental Library SGT Dental Library Text Book 22/08/2024 Ahuja Book Co. Pvt. Ltd. 599.00 SGTU 19153 617.601 M23P FD9458 22/08/2024   Books  
    Dewey Decimal Classification     SGT Dental Library SGT Dental Library Text Book 22/08/2024 Ahuja Book Co. Pvt. Ltd. 599.00 SGTU 19153 617.601 M23P FD9459 22/08/2024   Books  
    Dewey Decimal Classification     SGT Dental Library SGT Dental Library Text Book 22/08/2024 Ahuja Book Co. Pvt. Ltd. 599.00 SGTU 19153 617.601 M23P FD9460 22/08/2024   Books